Normal view
MARC view
- Franklin, Isaac,
Entry Personal Name
001 - CONTROL NUMBER
- control field: 97637
003 - CONTROL NUMBER IDENTIFIER
- control field: NUST
005 - DATE AND TIME OF LATEST TRANSACTION
- control field: 20220817111129.0
008 - FIXED-LENGTH DATA ELEMENTS
- fixed length control field: 220817|| aca||aabn | a|a d
040 ## - CATALOGING SOURCE
- Original cataloging agency: NUST
- Transcribing agency: NUST
100 ## - HEADING--PERSONAL NAME
- Personal name: Franklin, Isaac,
- Dates associated with a name: 1789-1846
670 ## - SOURCE DATA FOUND
- Source citation: Work cat.: (NUST)0: Rothman, Joshua D., author. 97636, The ledger and the chain :
